Ostrov medzi morom a púšťou : svetlá a tiene nad Alžírskom /
Uložené v:
| Hlavný autor: | |
|---|---|
| Ďalší autori: | |
| Médium: | Kniha |
| Jazyk: | Slovak German |
| Vydané: |
Bratislava :
Mladé letá,
1962.
|
| Vydanie: | 1. vyd. |
| Edícia: | Šírym svetom
|
| ISBN: |
(viaz.) |
| Fyzický popis: |
203 s. |
| Tagy: |
Pridať tag
Žiadne tagy, Buďte prvý kto otaguje tento záznam!
|
Titul je dostupný aj v ... 

MARC
| LEADER | 00000nam a22000004a 4500 | ||
|---|---|---|---|
| 001 | 000468310 | ||
| 005 | 20150506200612.0 | ||
| 008 | 150506s1962 xo e 000 0 slo d | ||
| 020 | |a (viaz.) |c Kčs 26,00 | ||
| 040 | |a SVKKK |b slo |c SVKKK |e AACR2 | ||
| 041 | 1 | |a slo |h ger | |
| 044 | |a xo |c SK | ||
| 100 | 1 | |a Treffz, H. A. W |4 aut | |
| 245 | 1 | 0 | |a Ostrov medzi morom a púšťou : |b svetlá a tiene nad Alžírskom / |c H. A . W. Treffz ; prekl. Ernest Malovec. |
| 250 | |a 1. vyd. | ||
| 260 | |a Bratislava : |b Mladé letá, |c 1962. | ||
| 300 | |a 203 s. | ||
| 490 | 1 | |a Šírym svetom | |
| 700 | 1 | |a Malovec, Ernest |4 trl | |
| 830 | 0 | |a Šírym svetom | |
| 910 | |a svkkk | ||
| 998 | |a BK | ||
| 090 | |g SCKHL |k Sklad Pribinova 1. posch. |a IV.29306 |j 316908 |i 468310-10 |s Povinný výt. | ||